000 00790nam a2200289Ia 4500
005 20260324120519.0
008 008 260324s9999 xx 000 0 eng d
020 _a9781032683034
037 _aEBOOK
040 _aCRL
040 _beng
040 _cCRL
041 _2eng
041 _aeng
084 _qCRL
100 _aKaren Gartland; Linda Dacey; Jayne Bamford Lynch; Linda Dacey; Karen Gartland; Jayne Bamford Lynch
_91158874
245 0 _aWell Played, Grades K-2
245 0 _bBuilding Mathematical Thinking Through Number Games and Puzzles
260 _bTaylor and Francis
260 _c2015
365 _a
365 _b135
856 _uhttp://www.taylorfrancis.com/books/9781032683034
942 _cEBOOK
999 _c1750451
_d1750451